Nicky Barr, an Australian air ace : a story of courage and adventure /

Bibliographic Details
Main Author: Dornan, Peter
Corporate Author: NetLibrary, Inc
Format: eBook
Language:English
Published: Crows Nest, NSW : Allen & Unwin, 2002.
Subjects:
Online Access:Connect to the full text of this electronic book

MARC

Tag First Indicator Second Indicator Subfields
LEADER 00000cam a2200000Ia 4500
001 in00002002111
005 20220105141433.0
006 m d
007 cr cn-
008 030812s2002 at b gsb 000 0beng d
020 |a 174115152X (electronic bk.) 
035 |a (OCoLC)ocm52833254 
040 |a N$T  |c N$T  |d OCLCQ  |d UtOrBLW 
043 |a u-at---  |a ff----- 
049 |a IKMN 
050 1 4 |a D792.A8  |b D67 2002eb 
082 0 4 |a 940.54/4994  |2 22 
100 1 |a Dornan, Peter.  |0 http://id.loc.gov/authorities/names/n92061097 
245 1 0 |a Nicky Barr, an Australian air ace :  |b a story of courage and adventure /  |c Peter Dornan. 
264 1 |a Crows Nest, NSW :  |b Allen & Unwin,  |c 2002. 
300 |a xx, 252 pages :  |b maps. 
336 |a text  |b txt  |2 rdacontent 
337 |a computer  |b c  |2 rdamedia 
338 |a online resource  |b cr  |2 rdacarrier 
504 |a Includes bibliographical references (page 252). 
533 |a Electronic reproduction.  |b Boulder, Colo. :  |c NetLibrary,  |d 2003.  |n Available via World Wide Web.  |n Access may be limited to NetLibrary affiliated libraries. 
500 |a Electronic resource. 
600 1 0 |a Barr, Andrew W.,  |d 1915-  |0 http://id.loc.gov/authorities/names/nb99136087 
610 1 0 |a Australia.  |b Royal Australian Air Force  |v Biography. 
650 0 |a Fighter pilots  |z Australia  |v Biography. 
650 0 |a World War, 1939-1945  |z Africa, North  |x Aerial operations, Australian. 
655 7 |a Electronic books.  |2 local 
710 2 |a NetLibrary, Inc.  |0 http://id.loc.gov/authorities/names/no99080690 
776 1 |c Original  |z 186508624X  |w (OCoLC)50543948 
856 4 1 |u https://proxy.library.tamu.edu/login?url=http://www.netLibrary.com/urlapi.asp?action=summary&v=1&bookid=91011  |z Connect to the full text of this electronic book  |t 0 
994 |a 92  |b IKM 
999 |a MARS 
999 f f |s ebe92457-66ae-3972-9d16-a20562dfac57  |i e825cbf3-9c41-3c2a-b228-6216abd8b31c  |t 0 
952 f f |a Texas A&M University  |b College Station  |c Electronic Resources  |d Available Online  |t 0  |e D792.A8 D67 2002eb  |h Library of Congress classification 
998 f f |a D792.A8 D67 2002eb  |t 0  |l Available Online